| 000 | 01416nam a2200481 4500 | ||
|---|---|---|---|
| 001 | 0050175 | ||
| 003 | DO-SdBNP | ||
| 005 | 20180202150320.0 | ||
| 007 | |||
| 008 | 990304s1988 sp 098 d 1vlspa | ||
| 015 | _a | ||
| 016 | 7 | _2BPMSU | |
| 017 |
_a _b |
||
| 020 | _a8432090956 | ||
| 028 | 4 | 0 | _a |
| 035 | _a | ||
| 040 |
_aBPMSU _bspa _cBPMSU _e |
||
| 041 | 1 | _aspa | |
| 084 | _2 | ||
| 130 | 4 | 0 |
_aThe prisoner of Zenda (Richard Thorpe) _lEspañol |
| 240 |
_aThe prisoner of Zenda _lEspañol |
||
| 245 | 1 | 3 |
_aEl prisionero de Zenda / _cAnthony Hope _h |
| 260 | 0 |
_aBarcelona : _bPlaneta, _c1988 |
|
| 300 |
_a215 p.: _c23 cm. _b |
||
| 490 | _aBiblioteca mundial de grandes aventura | ||
| 500 | _aBasada en la novela de Anthony Hope | ||
| 511 | 1 | _a | |
| 521 | _aNo recomendada menores 13 años | ||
| 546 | _aDoblada en español | ||
| 700 | 1 | 1 |
_aThorpe, Richard _d1896-1991 |
| 700 | 1 | 1 |
_aBerman, Pandro S. _d1905-1996 |
| 700 | 1 | 1 |
_aBalderston, John L. _d1899-1954 |
| 700 | 1 | 1 |
_aLangley, Noel _d1911-1980 |
| 700 | 1 | 1 |
_aRuttenberg, Joseph _d1889-1983 |
| 700 | 1 | 1 |
_aNewman, Alfred _d1901-1970 |
| 700 | 1 | 1 |
_aGranger, Stewart _d1913-1993 |
| 700 | 1 | 1 |
_aKerr, Deborah _d1921-2007 |
| 700 | 1 | 1 |
_aCalhern, Louis _d1895-1956 |
| 830 | _pBiblioteca mundial de grandes aventura | ||
| 942 |
_2ddc _cBK |
||
| 945 | _aInventariado, 2018 / BT | ||
| 956 |
_2VMATEO _310 _620160308 _8BPMSU _a00151 |
||
| 999 |
_c9151 _d9151 |
||